| 000 | 00537nam a22001937a 4500 | ||
|---|---|---|---|
| 999 |
_c21522 _d21522 |
||
| 003 | OSt | ||
| 005 | 20210622100124.0 | ||
| 008 | 170130b xxu||||| |||| 00| 0 eng d | ||
| 020 | _a1557868719 | ||
| 040 |
_aMMU _beng. _cMMU _dMMU |
||
| 050 | _aHN17.5C354 1998 | ||
| 100 | _aCastells, Manuel. | ||
| 245 |
_aEnd of millennium/ _cManuel Castells. |
||
| 260 |
_aOxford: _bBlackwell Publishers, _c1998. |
||
| 300 | _axiv,441 p : | ||
| 500 | _aIncludes bibliographical references and index | ||
| 650 | _aMillenium. | ||
| 942 |
_2lcc _cLOAN LOAN |
||